A los mártires españoles / (Record no. 15865)

MARC details
000 -LEADER
campo de control de longitud fija 00702nam a2200205 i 4500
001 - NÚMERO DE CONTROL
campo de control 15865
003 - IDENTIFICADOR DE NÚMERO DE CONTROL
campo de control ES-MaACL
005 - FECHA Y HORA DE LA ÚLTIMA TRANSACCIÓN
campo de control 20260617125143.0
007 - CAMPO FIJO DE DESCRIPCIÓN FÍSICA--INFORMACIÓN GENERAL
campo de control de longitud fija t|
008 - DATOS DE LONGITUD FIJA--INFORMACIÓN GENERAL
campo de control de longitud fija 000509s1937 sp ||||1| spa d
080 ## - NÚMERO DE LA CLASIFICACIÓN DECIMAL UNIVERSAL
Número de la Clasificación Decimal Universal 821.133.1-14"19"
100 ## - ENTRADA PRINCIPAL--NOMBRE DE PERSONA
Nombre de persona Claudel, Paul,
Fechas asociadas al nombre 1868-1955
9 (RLIN) 239252
245 10 - MENCIÓN DEL TÍTULO
Título A los mártires españoles /
Mención de responsabilidad, etc. Paul Claudel ; versión española de Jorge Guillén.
260 ## - PUBLICACIÓN, DISTRIBUCIÓN, ETC.
Lugar de publicación, distribución, etc. Sevilla :
Nombre del editor, distribuidor, etc. Secretaría de Ediciones de la Falange,
Fecha de publicación, distribución, etc. 1937.
300 ## - DESCRIPCIÓN FÍSICA
Extensión [16] p. ;
Dimensiones 25 cm.
650 #4 - PUNTO DE ACCESO ADICIONAL DE MATERIA--TÉRMINO DE MATERIA
Término de materia o nombre geográfico como elemento de entrada Persecuciones religiosas-
Subdivisión geográfica España-
Subdivisión cronológica 1936-1939-
Subdivisión de forma Poesías.
9 (RLIN) 163658
700 1# - ENTRADA AGREGADA--NOMBRE PERSONAL
Nombre de persona Guillén, Jorge,
Fechas asociadas al nombre 1893-1984
9 (RLIN) 60765
852 ## - LOCALIZACIÓN
Ubicación ES-MaACL
Número de control de estantería 2034-F-33
Sublocalización o colección R.123109
Holdings
Estatus retirado Estado de pérdida Estado de daño No para préstamo Colección Biblioteca de origen Biblioteca actual Ubicación en estantería Fecha de adquisición Fuente de adquisición Total de préstamos Signatura topográfica completa Código de barras Visto por última vez Precio de reemplazo Tipo de ítem Koha
        Colección de folletos Biblioteca del Ateneo de Madrid Biblioteca del Ateneo de Madrid Depósito folletos 17/01/2008     2034-F-33 1016125 23/02/2023 23/02/2023 Folleto